Statistics for German, Austrian or Swiss - Musicians/Bands

Click here to take the quiz!

General Stats

  • This quiz has been taken 114 times
  • The average score is 11 of 18

Answer Stats

QuestionAnswer% Correct
RammsteinGermany
93%
ScorpionsGermany
92%
NenaGermany
90%
KraftwerkGermany
87%
DJ ÖtziAustria
83%
FalcoAustria
82%
DJ AntoineSwitzerland
73%
DJ BoBoSwitzerland
67%
CascadaGermany
60%
GotthardSwitzerland
60%
Lou BegaGermany
59%
Parov StelarAustria
51%
Erste Allgemeine Verunsicherung (EAV)Austria
47%
OpusAustria
46%
YelloSwitzerland
45%
Mike CandysSwitzerland
36%
Joe ZawinulAustria
30%
DoubleSwitzerland
27%

Score Distribution

Percentile by Number Answered

Percent of People with Each Score

Your Score History

You have not taken this quiz